Quizzes
Events
Quiz Creation
Community
Videos
Private Events
Remove Ads
Sign In
Join for FREE
Feedback
Dark Mode
Quiz Categories
Sports
Geography
Music
Movies
Television
Just For Fun
Miscellaneous
History
Literature
Language
Science
Gaming
Entertainment
Religion
Holiday
For Kids
Quiz Lab
Recent
Popular Today
Quiz Kudos Today
Editor Picks
Curator Picks
Quizzes by...
Day
Popularity
Type
Ratings
Length
Year
Community
Subscriptions
Recent Discussions
Orange Saloon
Badges
Playlists
Quests
Create
Leaderboards
Showdown
Live 5
Trivia Bingo
Activity
Puzzle Library
Sporcle Events
Private Events
Virtual Trivia
Globe League
Become a Host
Pub Owners
SporcleCon
Opinionation
Our Games
Videos
Blog
Mobile Apps
Partnerships
Remove Ads and Go Orange
Feedback
Sports
Athletes
MLB
NBA
NHL
NFL
Soccer
Sports Teams
WWE
NCAA
Football
Premier League
Basketball
Baseball
Hockey
Golf
Tennis
Cricket
Rugby
Auto Racing
Olympics
World Cup
Sports
Athletes
MLB
NBA
NHL
NFL
Soccer
Sports Teams
WWE
NCAA
Football
Premier League
Basketball
Baseball
Hockey
Golf
Tennis
Cricket
Rugby
Auto Racing
Olympics
World Cup
Random Quiz
Search Sporcle
×
Quiz Lab
Quiz Lab
Sports
school
Type in answers that appear in a list
Type in answers that appear in a list
Classic
Best Score? Go Orange.
Bulls 1st Rounders Since Jordan Retired Stats
Can you name the Bulls 1st Rounders Since Jordan Retired?
By
norsworthyryan
5m
17 Questions
648 Plays
648 Plays
648 Plays
Comments
Comments
Give Quiz Kudos
Give Quiz Kudos
-
- Ratings
hide this ad
Replay
Link that replays current quiz
Next Quiz
Link to next quiz in quiz playlist
You Got
0%
They Got
Avg Score
51%
Avg Friend Score
Upgrade to see
Score Distribution
Jump to the score distribution portion of the page
Score
0/17
Timer
05:00
0
Plays Today
School
Player
% Correct
Memphis
Derrick Rose
92%
Florida
Joakim Noah
87.3%
UCONN
Ben Gordon
78.7%
Kansas
Kirk Hinrich
77.5%
Thornwood High School
Eddy Curry
74.5%
Duke
Elton Brand
72.5%
Duke
Jay Williams
69.4%
USC
Taj Gibson
64%
St. John's
Ron Artest
59.4%
School
Player
% Correct
Iowa St.
Marcus Fizer
58%
Marquette
Jimmy Butler
57.3%
Texas
LaMarcus Aldridge
55.9%
Wake Forest
James Johnson
54%
Cleveland State
Norris Cole
21.3%
Texas
Chris Mihm
18.5%
Germany
Dalibor Bagaric
7.6%
France
Kevin Seraphin
1.4%
Quiz Playlist
Details
Report
Send in Message
Add To Playlist
Classic:
Type in answers that appear in a list
Last Updated: Feb 16, 2017
Quiz Scoreboard
CHALLENGE
Sign Up to Join the Scoreboard
Show All
Scores
Hide
Comments
May contain spoilers
Recently Published
An Introduction to Baseball
by treessimontrees
Sports
5m
Movies - When Are They Set?
by FPL_Elf
Movies
5m
Popular People in 1961
by mucciniale
History
6m
More to Explore
Quiz From the Vault
Featured Blog Post
Where Did the Easter Bunny Come From?
hide this ad
You Might Also Like...
Tags
1st Round
bull
Michael Jordan
Player
Retired
Rounder
school
Today's Top Quizzes in Sports
Browse Sports
hide this ad
Today's Top Quizzes in school
Browse school
Top Contributed Quizzes in Sports
1
Les meilleurs buteurs des matchs entre le PSG et l’OM
2
2022 World Cup Stars
3
FIFA Club World Cup Champions
4
Les entraîneurs de l'OM et du PSG au 21e siècle
5
Name the Premier League winners with different clubs
6
La finale Lions - Afrique du Sud 2021
7
Les joueurs passés par le LOSC et le RC Lens
8
Criteria MLB: Left Handed Sluggers
9
Players with Multiple 50 Home Run Seasons
10
5-to-1: UK Sports Teams
Explore More
Trending Topics
NBA
Crossword
Harry Potter
Disney
Marvel
Anime
Kpop
WWE
Country
Pokémon
Song
Soccer
The Office
Puzzle
NFL
hide this ad
More By:
norsworthyryan
Quiz
Plays
Rating
Category
Featured
Created
Dont Rip This Quiz
997
1.53
Sports
Mar 1, 2010
Bulls 1st Rounders Since Jordan Retired
648
4.00
Sports
Feb 23, 2010
NFL 1st Round Picks from UMiami '00-'09
281
4.20
Sports
Feb 23, 2010
My Jerseys
131
2.89
Sports
Apr 28, 2010
NBA Teams No N.C. University Players
115
3.67
Sports
Apr 29, 2010
Go to Creator's Profile
Score Distribution
Quiz Creator Spotlight
norsworthyryan
Follow
Send a Message
Quizzes Created
-
Created Quiz Play Count
-
More By This Creator
Popular Quizzes Today
1
Find the Countries of Europe - No Outlines Minefield
2
Find the US States - No Outlines Minefield
3
The Countries of the World
4
Popular People in 1961
5
US States
6
Find the US States
7
1-10 Letter E Words III
8
Risky Map Clicking: Biggest States A-Z
More Sports Quizzes
World Cup Host Country by Mascot
Published
Trending Quizzes
Risky Map Clicking: Least Populous States A-Z
1-10 Letter F Words
1-10 Letter G Words
One Thing in Common: United Kingdom
Risky Map Clicking: Next State Alphabetically
Recently Updated
Leaping Animals
pecheneg
Reality TV Shows (A-Z)
bhenderson79
Rickey Henderson's Hall of Fame Teammates
pecheneg
Champions League XIs: Arsenal
pecheneg
Quick Pick: Celebrities in WWE's Hall of Fame
aduchscher
A-Z Keypad Blitz II
pecheneg
Multiple Oscar Actors
pecheneg
Mystery Phrase Blitz: Oscar 'Best Actors'
pecheneg
F. Scott Fitzgerald Novels
LTH
Pick 3 Villains
ddd62291
Trending Topics
Kpop
Harry Potter
Anime
NBA
Marvel
Crossword
Disney
Song
Country
NFL
The Office
Puzzle
Pokémon
Soccer
WWE
Your Account Isn't Verified!
In order to create a playlist on Sporcle, you need to verify the email address you used during registration. Go to your
Sporcle Settings
to finish the process.
Report this User
Report this user for behavior that violates our
Community Guidelines
.
Details:
Send Report
Go to the Sporcle.com Mobile Site →
Comments